• 首页
  • 本馆介绍
  • 公告通知
  • 最新文献
  • 馆藏检索
  • 电子资源
  • 读者导购
  • 参考咨询
  • 我的图书馆
  • 登录
  • 详细信息显示
  • 放入我的书架
  • 预约/预借图书
  • 作者相关作品
  • 分类相关作品
  • 丛书相关作品
  • 出版社相关作品

书目信息

  • 表格格式
  • 工作单格式
  • 卡片格式
题名:
趣味艺术阅读
    
 
作者: 华斌 主编
分册:  
出版信息: 长春   吉林摄影出版社  2017
页数: 150页
开本: 26cm
丛书名: 学科趣味阅读
单 册:
中图分类: J-49
科图分类:
主题词: 艺术--通俗读物
电子资源:
ISBN: 978-7-5498-2955-2
000 01098oam2 2200253 45
001 012001011244
005 20191125161215.62
010    @a978-7-5498-2955-2@dCNY25.00
100    @a20181029d2017 em y0chiy0110 ea
101 0  @achi
102    @aCN@b220000
105    @ay z 000yy
106    @ar
200 1  @a趣味艺术阅读@Aqu wei yi shu yue du@f华斌主编
210    @a长春@c吉林摄影出版社@d2017
215    @a150页@d26cm
225 2  @a学科趣味阅读
330    @a本书包括贝多芬与黛莉冉共创《月光奏鸣曲》、名师造就达·芬奇、钢琴王子肖邦、艺术天才毕加索、舞蹈艺术家邓肯、雕塑名家罗丹、歌剧之王帕瓦罗蒂、一代画师齐白石、玛丽莲·梦露之路、英格丽·褒曼的明星生涯、跳舞的影后琼·克劳馥、享誉影坛的费雯·丽、超级明星嘉宝、从罪犯到明星的威尔伯格、影视名人倪萍、米老鼠与迪斯尼乐园、毕加索与和平鸽、米开朗基罗的故事、“书圣”王羲之、齐白石画螃蟹、画蛇添足、空前绝后、乘兴而来、胸有成竹、管中窥豹、笔走龙蛇、等内容。
410  0 @12001 @a学科趣味阅读
606 0  @a艺术@x通俗读物
690    @aJ-49@v5
701  0 @a华斌@Ahua bin@4主编
801  0 @aCN@b上海新华@c20191020
905    @b1138312-5@dJ-49@e67@f4
    
    趣味艺术阅读/华斌主编.-长春:吉林摄影出版社,2017
    150页;26cm.-(学科趣味阅读)
    
    
    ISBN 978-7-5498-2955-2:CNY25.00
    本书包括贝多芬与黛莉冉共创《月光奏鸣曲》、名师造就达·芬奇、钢琴王子肖邦、艺术天才毕加索、舞蹈艺术家邓肯、雕塑名家罗丹、歌剧之王帕瓦罗蒂、一代画师齐白石、玛丽莲·梦露之路、英格丽·褒曼的明星生涯、跳舞的影后琼·克劳馥、享誉影坛的费雯·丽、超级明星嘉宝、从罪犯到明星的威尔伯格、影视名人倪萍、米老鼠与迪斯尼乐园、毕加索与和平鸽、米开朗基罗的故事、“书圣”王羲之、齐白石画螃蟹、画蛇添足、空前绝后、乘兴而来、胸有成竹、管中窥豹、笔走龙蛇、等内容。
●
相关链接 在E读中查询图书 在五车中查询图书 在当当中查询图书 在豆瓣中查询图书


正题名:趣味艺术阅读     索取号:J-49/67         预约/预借

序号 登录号 条形码 馆藏地/架位号 状态 备注
1 1138312   211383126   第一样本阅览室/ [索取号:J-49/67] 在馆    
2 1138313   211383135   第一借阅区/ [索取号:J-49/67] 在馆    
3 1138314   211383144   第一借阅区/ [索取号:J-49/67] 在馆    
4 1138315   211383153   第一借阅区/ [索取号:J-49/67] 在馆    
唐山师范学院图书馆 欢迎您!
大连网信软件有限公司© 版权所有